Online
Catalog

Epistolario de Rufino José Cuervo con corresponsales hispanoamericanos / (Record no. 6417)

MARC details
000 -CABECERA
campo de control de longitud fija 00916cam a2200229 a 4500
001 - NÚMERO DE CONTROL
campo de control 000006627
005 - FECHA Y HORA DE LA ÚLTIMA TRANSACCIÓN
campo de control 20200929153948.0
008 - DATOS DE LONGITUD FIJA--INFORMACIÓN GENERAL
campo de control de longitud fija 930223s1992 ck a b 000 0aspa
040 ## - FUENTE DE LA CATALOGACIÓN
Centro catalogador/agencia de origen DO-SdBNP
Lengua de catalogación spa
Centro/agencia transcriptor BNPHU
082 ## - NÚMERO DE LA CLASIFICACIÓN DECIMAL DEWEY
Número de clasificación C866.3
Número de documento/Ítem I59e, 1992
049 ## - FONDOS LOCALES (OCLC)
Fondos de biblioteca BNGR
110 2# - ENTRADA PRINCIPAL--NOMBRE DE ENTIDAD CORPORATIVA
Nombre de entidad corporativa o nombre de jurisdicción como elemento de entrada Instituto Caro y Cuervo
9 (RLIN) 18393
245 10 - MENCIÓN DE TÍTULO
Título Epistolario de Rufino José Cuervo con corresponsales hispanoamericanos /
Mención de responsabilidad, etc. edición, presentación y notas Mario Germán Romero.
260 ## - PUBLICACIÓN, DISTRIBUCIÓN, ETC.
Lugar de publicación, distribución, etc. Santafé de Bogotá :
Nombre del editor, distribuidor, etc. Instituto Caro y Cuervo,
Fecha de publicación, distribución, etc. 1992.
300 ## - DESCRIPCIÓN FÍSICA
Extensión 2 v. :
Otras características físicas il. ;
Dimensiones 24 cm.
490 1# - MENCIÓN DE SERIE
Mención de serie Archivo Epistolar Colombiano
Designación de volumen o secuencia 22, 23
600 10 - PUNTO DE ACCESO ADICIONAL DE MATERIA--NOMBRE DE PERSONA
Nombre de persona CUERVO, RUFINO JOSÉ,
Fechas asociadas al nombre 1844-1911
Subdivisión general CORRESPONDENCIA
9 (RLIN) 18380
650 #4 - PUNTO DE ACCESO ADICIONAL DE MATERIA--TÉRMINO DE MATERIA
Término de materia o nombre geográfico como elemento de entrada Autores colombianos
Subdivisión cronológica SIGLO XIX
Subdivisión general Correspondencia
9 (RLIN) 18381
650 #4 - PUNTO DE ACCESO ADICIONAL DE MATERIA--TÉRMINO DE MATERIA
Término de materia o nombre geográfico como elemento de entrada Literatura colombiana
Subdivisión cronológica SIGLO XIX
9 (RLIN) 18383
700 1# - PUNTO DE ACCESO ADICIONAL--NOMBRE DE PERSONA
Nombre de persona Romero, Mario Germán,
Término indicativo de función/relación ed.
9 (RLIN) 18394
830 #0 - PUNTO DE ACCESO ADICIONAL DE SERIE-TÍTULO UNIFORME
Título uniforme Archivo Epistolar Colombiano,
Designación de volumen o secuencia 22, 23
9 (RLIN) 18385
Holdings
Estado de retiro Estado de pérdida Restricciones de uso No para préstamo Código de colección Localización permanente Ubicación/localización actual Ubicación en estantería Fecha de adquisición Número de inventario Total de préstamos Signatura topográfica completa Código de barras Fecha visto por última vez Precio válido a partir de Tipo de ítem Koha
    Préstamo interno   Monografías: Libros y Folletos General General En catalogación 01.09.2009 LF1   v.1 6627-10 25.06.2020 25.06.2020 Préstamo interno
    Préstamo interno   Monografías: Libros y Folletos General General En catalogación 02.02.2010 LF1   v.2 6627-20 25.06.2020 25.06.2020 Préstamo interno

Powered by Koha